Normal view
MARC view
- Chow, Chee Yen
Entry Personal Name
001 - CONTROL NUMBER
- control field: 500
003 - CONTROL NUMBER IDENTIFIER
- control field: OSt
005 - DATE AND TIME OF LATEST TRANSACTION
- control field: 20170427085835.0
008 - FIXED-LENGTH DATA ELEMENTS
- fixed length control field: 170427|| aca||aabn | a|a d
040 ## - CATALOGING SOURCE
- Original cataloging agency: OSt
- Transcribing agency: OSt
100 ## - HEADING--PERSONAL NAME
- Personal name: Chow, Chee Yen
670 ## - SOURCE DATA FOUND
- Source citation: Work cat.: (OSt)0: Veerinderjeet Singh, 1956- 498, Malaysian taxation :, 2005

PORTAL AKMAL
E-MEL JKDM
AKMAL2U
G-BAM
u-PUSTAKA